00717 2200241 4500001002100000005001700021008004100038020001800079035002400097040001200121082001100133084001700144100002600161245012900187250001100316260003200327300003600359650001600395700001800411850001200429990001700441990001700458YOGYA-0209000003676520160917123950.0 ind  a979-3975-17-2 0010-020900000036765 aYOPDYOG a297.14 a297.14 Jun M aJUNAIDY, Abdul Basith aMelacak akar-akar kontroversi :bdalam sejarah filsafat pemikiran hukum Islam /cAbdul Basith Junaidy ; editor, Devita Hilda aCet. 1 aSurabaya ;bSrikandi,c2005 axviii, 246 hlm :bilus ;c21 cm aHukum Islam aHilda, Devita aYOPDYOG a1258-PD/P.06 a1257-PD/P.06